000 00660nam a2200217 a 4500
001 BRL_831
005 20190320210921.0
008 141013s1933----mx-ao#####---#000-0#spa-#
041 _aspa
044 _amx
050 4 _aNK8214
_b.C47 1933
100 1 _aCervantes, Enrique A.
_d1898-1953
_925075
245 1 0 _aHerreros y forjadores poblanos
_cPor Enriqve A.Cervantes ; dibujos y fotografrías del autor.
260 _aMéxico
_b[s.n.]
_c1933
300 _a1 portafoloio, LXIX p.
_bil., fotografías
_c28 cm.
500 _aAu899
650 1 4 _aHerreria
_zPuebla (México)
_925076
650 1 4 _aHerreros
_zPuebla (México)
_9385
902 _aGRL
942 _2lcc
_cB
999 _c9643
_d9643